[Event "TCh-FRA Top 12 2017"]
[Site "Chartres FRA"]
[Date "2017.05.18"]
[Round "1.6"]
[White "Kveinys,A"]
[Black "Youssoupov,M"]
[Result "1-0"]
[WhiteElo "2520"]
[BlackElo "2233"]

1.e4 g6 2.d4 Bg7 3.Nc3 d6 4.Be3 a6 5.Nf3 b5 6.Bd3 Bb7 7.a4 b4 8.Nd5 a5 9.O-O
Nd7 10.c3 Ngf6 11.Qb3 O-O 12.cxb4 Nxd5 13.exd5 Nb6 14.bxa5 Rxa5 15.Bd2 Ra7
16.a5 Bxd5 17.Qb5 Qa8 18.Ra3 c6 19.Qb4 Nd7 20.Qa4 Rb8 21.Re1 Nf8 22.Bc3 Ne6
23.Bc4 c5 24.Bxd5 Qxd5 25.dxc5 Nxc5 26.Qc2 Qc4 27.h3 Rb5 28.Qd2 Nb3 29.Qe3
Bxc3 30.bxc3 Nc5 31.Nd4 Rbxa5 32.Rxa5 Rxa5 33.Qxe7 Qxc3 34.Qd8+ Kg7 35.Nf5+
gxf5 36.Qg5+ Kf8 37.Qh6+ Qg7 38.Qxd6+ {#r} 1-0

[Event "TCh-FRA Top 12 2017"]
[Site "Chartres FRA"]
[Date "2017.05.19"]
[Round "2.1"]
[White "Gledura,B"]
[Black "Ouakhir,M"]
[Result "1-0"]
[WhiteElo "2602"]
[BlackElo "2277"]

1.e4 e5 2.Nf3 Nc6 3.Bc4 Bc5 4.d3 Nf6 5.O-O d6 6.c3 a6 7.Re1 Ba7 8.Bb3 O-O 9.h3
Ne7 10.Nbd2 Ng6 11.Nf1 Nh5 12.Bg5 Qe8 13.Be3 Kh8 14.d4 Nhf4 15.Ng3 f5 16.exf5
Bxf5 17.Nxf5 Rxf5 18.Bc2 Rf6 19.dxe5 dxe5 20.Bxa7 Rxa7 21.Nxe5 Nxe5 22.Rxe5
Qf8 23.Qg4 Ra8 24.Rae1 Qd6 25.Re7 Ng6 26.Bxg6 hxg6 27.Qh4+ Kg8 28.Qc4+ Kf8
29.Qxc7 Qxc7 30.Rxc7 Rf7 31.Rxf7+ Kxf7 32.Rd1 b5 33.Rd7+ Kf6 34.Rd6+ Kf7
35.Rb6 Rd8 36.Rxa6 Rd1+ 37.Kh2 Rd2 38.b4 {#r} 1-0

[Event "TCh-FRA Top 12 2017"]
[Site "Chartres FRA"]
[Date "2017.05.19"]
[Round "2.1"]
[White "Ider,B"]
[Black "Touzane,O"]
[Result "1-0"]
[WhiteElo "2456"]
[BlackElo "2277"]

1.e4 e6 2.d4 d5 3.e5 c5 4.c3 Nc6 5.g3 Nge7 6.Ne2 Nf5 7.Bh3 cxd4 8.cxd4 Qb6
9.Bxf5 exf5 10.O-O Be6 11.Nbc3 Be7 12.Be3 O-O 13.Rb1 Qd8 14.Nf4 Qd7 15.h4 Rac8
16.Qf3 Rfd8 17.Rfc1 b5 18.Nce2 h6 19.Nd3 Rc7 20.Nc5 Qe8 21.Nf4 Bf8 22.Nfd3 a5
23.Rc2 Ra7 24.b3 Nb4 25.Nxb4 axb4 26.Nd3 Rda8 27.Rbb2 Be7 28.Bd2 Qf8 29.Qe3 g5
30.hxg5 hxg5 31.f4 gxf4 32.gxf4 f6 33.Be1 Kf7 34.Rh2 Ke8 35.Rbe2 Kd7 36.exf6
Qxf6 37.Bh4 Qg7+ 38.Rhg2 Qh6 39.Bxe7 Kxe7 40.Nc5 Ra6 41.Nxa6 Rxa6 42.Rh2 Qf6
43.Rh7+ Kf8 44.Rc7 Qh4 45.Rg2 Bd7 46.Rxd7 Rg6 47.Rd8+ {#r} 1-0

[Event "TCh-FRA Top 12 2017"]
[Site "Chartres FRA"]
[Date "2017.05.19"]
[Round "2.1"]
[White "Youssoupov,M"]
[Black "Riff,JN"]
[Result "0-1"]
[WhiteElo "2233"]
[BlackElo "2476"]

1.d4 e6 2.Bf4 Nf6 3.e3 d5 4.Nd2 Bd6 5.Bg3 O-O 6.Ngf3 c5 7.c3 Qc7 8.Ne5 Nbd7
9.f4 Ne4 10.Bd3 f5 11.Bh4 Ndf6 12.O-O b6 13.Rc1 a5 14.Rf3 Ba6 15.Bxa6 Rxa6
16.a4 Ra7 17.Rh3 Nxd2 18.Qxd2 Ne4 19.Qe2 Bxe5 20.fxe5 Qc6 21.Ra1 c4 22.Rf3 b5
23.axb5 Qxb5 24.g4 Raf7 25.gxf5 Rxf5 26.Rxf5 Rxf5 27.Rf1 Rxf1+ 28.Kxf1 Qe8
29.Qg4 Qf7+ 30.Kg2 h5 31.Qe2 g5 32.Be1 g4 33.Bh4 Qf5 34.Qf1 Qxf1+ 35.Kxf1 a4
36.Be7 Kf7 37.Bb4 h4 38.Kg2 h3+ 39.Kg1 Kg6 40.Ba3 Kf5 41.Bf8 g3 42.hxg3 Kg4
43.Kh2 Nxg3 44.Kg1 Nf5 45.Kh2 Nxe3 46.Bh6 Nd1 47.Bc1 Nf2 {#R} 0-1

[Event "TCh-FRA Top 12 2017"]
[Site "Chartres FRA"]
[Date "2017.05.19"]
[Round "2.1"]
[White "Sokolov,And1"]
[Black "Moucheroud,J"]
[Result "1-0"]
[WhiteElo "2505"]
[BlackElo "2197"]

1.e4 c5 2.Nf3 d6 3.d4 cxd4 4.Nxd4 Nf6 5.Nc3 a6 6.g3 e5 7.Nb3 Be7 8.Bg2 Nbd7
9.a4 b6 10.O-O Bb7 11.Re1 O-O 12.Nd2 Rc8 13.Nf1 Qc7 14.Ne3 g6 15.Re2 Qc5
16.Bd2 Rfd8 17.Qb1 Qd4 18.Qa2 Bf8 19.Rd1 Qc5 20.Be1 b5 21.Ncd5 Nxd5 22.Nxd5
Qc4 23.Qxc4 Rxc4 24.axb5 axb5 25.b3 Rcc8 26.Ba5 Re8 27.Bh3 {#r} 1-0

[Event "TCh-FRA Top 12 2017"]
[Site "Chartres FRA"]
[Date "2017.05.19"]
[Round "2.2"]
[White "Marcelin,C"]
[Black "Abergel,T"]
[Result "0-1"]
[WhiteElo "2472"]
[BlackElo "2457"]

1.d4 Nf6 2.Nf3 e6 3.Bf4 b6 4.Nbd2 Bb7 5.e3 g6 6.h3 Bg7 7.Be2 d6 8.O-O Nbd7
9.a4 a5 10.c3 Qe7 11.Bh2 e5 12.Nc4 e4 13.Nfd2 Nd5 14.Na3 O-O 15.Nb5 N7f6
16.Qb1 Ba6 17.Bc4 Bb7 18.Rc1 Bh6 19.Bxd5 Bxd5 20.c4 Bc6 21.c5 dxc5 22.dxc5
Bxb5 23.axb5 Rfd8 24.Nb3 Rd3 25.Rc3 Rxc3 26.bxc3 a4 27.cxb6 cxb6 28.Nd4 Qc5
29.Nc6 Nd7 30.Qxe4 Qxc3 31.Rd1 Rf8 32.g4 Nc5 33.Be5 Bg7 34.Bxc3 Nxe4 35.Bd4
Bxd4 36.exd4 Ra8 37.Ne7+ Kg7 38.Nd5 Ra5 39.Nxb6 Nd6 40.Ra1 a3 41.d5 Rxb5
42.Na4 Rb3 43.Kg2 Rd3 44.Nb6 h5 45.gxh5 gxh5 46.Ra2 Kf6 47.Rc2 Ke5 48.h4 Kd4
49.Kf1 Rb3 50.Na4 Rb4 {#R} 0-1

[Event "TCh-FRA Top 12 2017"]
[Site "Chartres FRA"]
[Date "2017.05.19"]
[Round "2.2"]
[White "Battaglini,G"]
[Black "Relange,E"]
[Result "1-0"]
[WhiteElo "2475"]
[BlackElo "2464"]

1.d4 Nf6 2.c4 g6 3.Nc3 Bg7 4.e4 d6 5.f3 O-O 6.Be3 a6 7.Nge2 c6 8.Qd2 b5 9.Bh6
bxc4 10.h4 c5 11.Bxg7 Kxg7 12.h5 cxd4 13.Nxd4 e5 14.hxg6 fxg6 15.Nc2 Qc7
16.O-O-O Rd8 17.Qh6+ Kg8 18.g4 Be6 19.g5 Ne8 20.f4 Qg7 21.f5 Qxh6 22.Rxh6 Bf7
23.f6 Nc7 24.Bh3 Nd7 25.Rh1 Nf8 26.Nb4 Nce6 27.Bxe6 Bxe6 28.Nc6 Rd7 29.Ne7+
Kh8 30.Ncd5 Rb8 31.Rxh7+ Nxh7 32.Nxg6+ Kg8 33.Nde7+ {#r} 1-0

[Event "TCh-FRA Top 12 2017"]
[Site "Chartres FRA"]
[Date "2017.05.19"]
[Round "2.3"]
[White "Lagarde,Max"]
[Black "Van Foreest,Jorden"]
[Result "0-1"]
[WhiteElo "2601"]
[BlackElo "2595"]

1.c4 c6 2.e4 d5 3.exd5 cxd5 4.cxd5 Nf6 5.Nc3 Nxd5 6.Nf3 Nc6 7.Bb5 g6 8.Qb3 Be6
9.Nd4 Qd7 10.Nxe6 Qxe6+ 11.Kf1 O-O-O 12.d3 Bg7 13.Nxd5 Qxd5 14.Qxd5 Rxd5
15.Bxc6 bxc6 16.Ke2 Rhd8 17.Rd1 c5 18.Be3 Bxb2 19.Rab1 Bd4 20.Bxd4 Rxd4
21.Rdc1 R8d5 22.Rb5 Ra4 23.Rbxc5+ Rxc5 24.Rxc5+ Kd7 25.Rc2 Kd6 26.Ke3 h5 27.f4
h4 28.Rb2 Ke6 29.Rc2 Kf6 30.Kf3 g5 31.g3 e6 32.Rc4 Ra3 33.fxg5+ Kxg5 34.Rg4+
Kf6 35.Rxh4 Rxd3+ 36.Ke4 Ra3 37.Rf4+ Ke7 38.Rf2 f5+ 39.Kd4 Kf6 40.Kc4 e5
41.Rd2 e4 42.Kd4 a5 43.g4 Ra4+ 44.Ke3 Ra3+ 45.Kd4 Ra4+ 46.Ke3 Ke5 47.gxf5 Ra3+
48.Ke2 Kxf5 49.Ke1 a4 50.Ke2 Rh3 51.Ke1 Kf4 52.Rf2+ Ke5 53.Rd2 a3 54.Rg2 Kd4
55.Kd1 Kd3 56.Rd2+ Ke3 57.Ke1 Rh8 58.Re2+ Kd3 59.Rd2+ Ke3 60.Re2+ Kd4 61.Rd2+
Kc3 62.Kd1 e3 63.Rc2+ Kd3 64.Rc7 Rxh2 65.Rd7+ Kc3 66.Re7 Rh1+ 67.Ke2 Kb2
68.Rxe3 Kxa2 69.Re7 Kb3 70.Kd3 Rd1+ 71.Ke2 Rd4 {#R} 0-1

[Event "TCh-FRA Top 12 2017"]
[Site "Chartres FRA"]
[Date "2017.05.19"]
[Round "2.3"]
[White "Fressinet,L"]
[Black "Rambaldi,Francesco"]
[Result "0-1"]
[WhiteElo "2668"]
[BlackElo "2542"]

1.e4 e6 2.d4 d5 3.Nc3 Nf6 4.e5 Nfd7 5.f4 c5 6.Nf3 Nc6 7.Be3 a6 8.Qd2 b5 9.dxc5
Bxc5 10.Bd3 Qb6 11.Bf2 h6 12.O-O O-O 13.a3 Ra7 14.Rae1 b4 15.axb4 Qxb4 16.f5
exf5 17.Bxf5 Nb6 18.Bxc8 Rxc8 19.Bxc5 Qxc5+ 20.Qf2 Qxf2+ 21.Rxf2 Re7 22.Rd2
Nc4 23.Rdd1 Nxb2 24.Nxd5 Nxd1 25.Nxe7+ Nxe7 26.Rxd1 a5 27.Rd7 Nc6 28.Rd3 Nb4
29.Ra3 Rc5 30.Nd4 Rxe5 31.g3 Rc5 32.Nb3 Rxc2 33.Rxa5 g6 34.Ra8+ Kg7 35.Rd8 h5
36.Nd4 Rc5 37.Rd7 Kf6 38.Nf3 Nd5 39.h4 Ke6 40.Ra7 f6 41.Ra4 Rc1+ 42.Kf2 Nc3
43.Rb4 Rc2+ 44.Kf1 Ra2 45.Rc4 Nd5 46.Kg1 Kf7 47.Rd4 Ne3 48.Rd2 Ra1+ 49.Kf2 Nf5
50.Nd4 Nd6 51.Rc2 Ra3 52.Kg2 Rd3 53.Rc7+ Ke8 54.Ne6 Re3 55.Nf4 Ne4 56.Kh2 Rxg3
57.Rc4 Re3 58.Nxg6 Re2+ 59.Kh3 Nd2 60.Rc8+ Kd7 61.Rc1 Rf2 62.Rc2 Ke8 63.Nf4
Rf3+ 64.Kg2 Rxf4 65.Rxd2 Rxh4 66.Ra2 Kf7 67.Ra7+ Kg6 68.Ra8 Rg4+ 69.Kf3 Rb4
70.Kg3 Kg5 71.Rg8+ Kf5 72.Rh8 Rb3+ 73.Kg2 Kg4 74.Rg8+ Kf4 75.Rh8 Rg3+ 76.Kf2
Rg5 77.Ra8 Rg4 78.Ra4+ Kg5 79.Ra5+ f5 80.Ra8 Rb4 81.Kf3 Rb3+ 82.Kf2 Kg4
83.Rg8+ Kf4 84.Ra8 Rb2+ 85.Kg1 Rd2 86.Ra3 Kg4 87.Rb3 f4 88.Ra3 h4 89.Rb3 h3
90.Rb8 f3 91.Rg8+ Kf4 92.Rf8+ Ke3 93.Re8+ Kd3 94.Rd8+ Ke2 95.Re8+ Kd1 96.Rf8
Ke2 97.Re8+ Kd1 98.Rf8 Rg2+ 99.Kh1 Rf2 100.Kg1 Ke1 101.Ra8 Rd2 {#R} 0-1

[Event "TCh-FRA Top 12 2017"]
[Site "Chartres FRA"]
[Date "2017.05.19"]
[Round "2.3"]
[White "Babault,P"]
[Black "Delorme,Ax"]
[Result "0-1"]
[WhiteElo "2411"]
[BlackElo "2514"]

1.e4 e5 2.Nf3 Nc6 3.Bb5 Nf6 4.O-O Nxe4 5.d4 Nd6 6.Bxc6 dxc6 7.dxe5 Nf5 8.Qxd8+
Kxd8 9.h3 Ne7 10.Nc3 h6 11.b3 Bd7 12.Bb2 b6 13.Rad1 Kc8 14.Ne2 Ng6 15.Ng3 Nf4
16.Bc1 Ne6 17.Nh5 a5 18.Ne1 c5 19.f4 g6 20.Nf6 Bc6 21.Kh2 a4 22.g4 axb3
23.axb3 Ra2 24.Be3 Bg7 25.f5 Bxf6 26.exf6 gxf5 27.Rxf5 Be4 28.Rf2 h5 29.g5 h4
30.Rdd2 Ra1 31.Rde2 Rg8 32.Rf1 Rd8 33.Bd2 Bg6 34.Bc3 Rc1 35.Kg2 Rd6 36.Bd2 Rd1
37.Be3 Bh5 38.Ref2 R1d5 39.Rf5 Bg6 40.Rxd5 Rxd5 41.Kh2 Re5 42.Bf2 Re2 43.Nf3
Rxc2 {#R} 0-1

[Event "TCh-FRA Top 12 2017"]
[Site "Chartres FRA"]
[Date "2017.05.19"]
[Round "2.3"]
[White "Guichard,P"]
[Black "Bollengier,Andreea"]
[Result "1-0"]
[WhiteElo "2312"]
[BlackElo "2234"]

1.c4 c6 2.Nf3 Nf6 3.e3 d5 4.b3 Bf5 5.Bb2 e6 6.Be2 Nbd7 7.O-O Be7 8.Nc3 h6
9.Nd4 Bh7 10.cxd5 cxd5 11.f4 O-O 12.Rf3 e5 13.fxe5 Nxe5 14.Rg3 Nd3 15.Bxd3
Bxd3 16.e4 Bc5 17.Rxd3 dxe4 18.Na4 b6 19.b4 exd3 20.bxc5 bxc5 21.Nxc5 Rb8
22.Ndb3 Rb6 23.Qf3 a5 24.Bc3 a4 25.Nxa4 Re6 26.Nac5 Re2 27.Nxd3 Rfe8 28.Rf1
R2e6 29.Nbc5 Rd6 30.a4 Qc7 31.Qg3 Nh5 32.Qf3 Nf6 33.Kh1 Rc6 34.Bd4 Rd8 35.Be5
Qb6 36.a5 Qb5 37.a6 Rxc5 38.Nxc5 Qxc5 39.Bxf6 gxf6 40.Qxf6 Rd7 41.Qxh6 Qb5
42.Rc1 Rd8 43.h4 Ra8 44.Rc3 Qe5 45.Re3 {#r} 1-0

[Event "TCh-FRA Top 12 2017"]
[Site "Chartres FRA"]
[Date "2017.05.19"]
[Round "2.4"]
[White "Areshchenko,A"]
[Black "Bailet,P"]
[Result "1-0"]
[WhiteElo "2677"]
[BlackElo "2519"]

1.e4 c5 2.Nf3 Nc6 3.Bb5 g6 4.Bxc6 bxc6 5.O-O Bg7 6.Re1 Nh6 7.c3 O-O 8.h3 f5
9.e5 Nf7 10.d3 Ba6 11.Bf4 e6 12.h4 Rb8 13.b3 Re8 14.c4 d6 15.Nc3 dxe5 16.Nxe5
Qxh4 17.g3 Qh3 18.Nxf7 Kxf7 19.Bxb8 Rxb8 20.Rc1 Rd8 21.Qf3 Rd6 22.Ne4 {#r} 1-0

[Event "TCh-FRA Top 12 2017"]
[Site "Chartres FRA"]
[Date "2017.05.19"]
[Round "2.4"]
[White "Hamitevici,V"]
[Black "Apicella,M"]
[Result "1-0"]
[WhiteElo "2487"]
[BlackElo "2515"]

1.e4 e6 2.d4 d5 3.Nd2 Nc6 4.Ngf3 Nf6 5.e5 Nd7 6.Be2 f6 7.exf6 Qxf6 8.Nf1 Bd6
9.Ne3 O-O 10.O-O Nb6 11.Ng4 Qe7 12.Re1 e5 13.Bg5 Qf7 14.Ngxe5 Nxe5 15.dxe5 Bc5
16.Bh4 h6 17.Bg3 Na4 18.Rb1 Bf5 19.Nd4 Be4 20.Bb5 Nb6 21.b4 Bxd4 22.Qxd4 Bxc2
23.Rbc1 Qg6 24.e6 c6 25.e7 Rfe8 26.Bf1 Bf5 27.b5 Rac8 28.Rc3 Qg4 29.Bf4 c5
30.Qe5 Bg6 31.Bxh6 Qd4 32.Qg3 Be4 33.Bg5 c4 34.Rce3 Nd7 35.Qd6 Qe5 36.Qxd7
Qxg5 37.Qe6+ Kh8 38.Rh3+ Bh7 39.Qxc8 {#r} 1-0

[Event "TCh-FRA Top 12 2017"]
[Site "Chartres FRA"]
[Date "2017.05.19"]
[Round "2.4"]
[White "Wirig,A"]
[Black "Adrian,C"]
[Result "1-0"]
[WhiteElo "2486"]
[BlackElo "2234"]

1.d4 e6 2.Nf3 f5 3.g3 b6 4.Bg2 Bb7 5.O-O Nf6 6.c4 g6 7.Nc3 Bg7 8.d5 Na6 9.Nd4
e5 10.Nc2 O-O 11.b4 d6 12.a4 h6 13.Ra3 g5 14.f4 Nh7 15.e4 Bc8 16.fxg5 Nxg5
17.h4 Nxe4 18.Nxe4 fxe4 19.Bxe4 Bd7 20.Rxf8+ Qxf8 21.Qe2 Qc8 22.a5 bxa5
23.Rxa5 c5 24.b5 Nc7 25.Qh5 Be8 26.Qf3 Bd7 27.Ne3 Qf8 28.Nf5 Bxf5 29.Qxf5 Qxf5
30.Bxf5 Kf7 31.Bd7 e4 32.Bc6 Bd4+ 33.Kf1 Rc8 34.Bxh6 Kg6 35.Bf4 Be5 36.Bxe5
dxe5 37.Rxa7 Ne8 38.b6 Nd6 39.Ra8 {#r} 1-0

[Event "TCh-FRA Top 12 2017"]
[Site "Chartres FRA"]
[Date "2017.05.19"]
[Round "2.5"]
[White "Bachmann,Ax"]
[Black "Coursaget,N"]
[Result "1-0"]
[WhiteElo "2646"]
[BlackElo "2311"]

1.c4 e5 2.Nc3 Nc6 3.Nf3 Nf6 4.g3 g6 5.d4 exd4 6.Nxd4 Bg7 7.Nxc6 dxc6 8.Qxd8+
Kxd8 9.e4 Be6 10.Bd2 Nd7 11.f4 Nb6 12.b3 a5 13.O-O-O Kc8 14.Kc2 a4 15.Be2
axb3+ 16.axb3 f5 17.e5 Rd8 18.Be3 Rxd1 19.Rxd1 Nd7 20.h3 Bf8 21.g4 Bb4 22.Na4
b5 23.cxb5 cxb5 24.Bxb5 fxg4 25.hxg4 Bxg4 26.Rc1 Ra5 27.Bc4 Nc5 28.Nxc5 Bxc5
29.Bxc5 Rxc5 30.Kd3 Ra5 31.Kd4 Kd7 32.Bd3 Be6 33.Rh1 Bg8 34.Bc4 c5+ 35.Kc3
Bxc4 36.Rxh7+ Kc6 37.Kxc4 Ra1 38.Rf7 Rc1+ 39.Kd3 Rd1+ 40.Ke4 Re1+ 41.Kf3 Rg1
42.Rf6+ Kb5 43.Ke4 c4 44.bxc4+ Kc5 45.Rd6 Rg4 46.Rd5+ Kxc4 47.e6 Rg1 48.Re5
Re1+ 49.Kf3 Rxe5 50.fxe5 Kd5 51.e7 {#r} 1-0

[Event "TCh-FRA Top 12 2017"]
[Site "Chartres FRA"]
[Date "2017.05.19"]
[Round "2.5"]
[White "Stephan,V"]
[Black "Koziak,V"]
[Result "0-1"]
[WhiteElo "2365"]
[BlackElo "2507"]

1.d4 f5 2.Nc3 Nf6 3.Bg5 d5 4.f3 Nc6 5.e4 fxe4 6.fxe4 Nxe4 7.Nxe4 dxe4 8.d5 Ne5
9.Qd4 Nf7 10.Bh4 c6 11.O-O-O Qxd5 12.Qxd5 cxd5 13.Bb5+ Bd7 14.Bxd7+ Kxd7
15.Rxd5+ Kc6 16.Rd4 Nd6 17.Ne2 e5 18.Rdd1 Nf5 19.Bg3 Ne3 20.Rde1 Nxg2 21.Reg1
Nf4 22.Nxf4 exf4 23.Bxf4 g6 24.Rg3 Bg7 25.Re1 Rae8 26.Bd2 Rhf8 27.Rh3 h5
28.Rg3 Re6 29.Reg1 Bd4 30.Be3 Bxe3+ 31.Rxe3 Rf2 32.Rd1 Rxh2 33.Rd4 Rd6 34.Rc4+
Kd7 35.b3 Rc6 36.Rd4+ Kc7 37.Rexe4 Rhxc2+ 38.Kd1 a5 39.b4 axb4 40.Re7+ Kb8
41.Rxb4 Rc7 42.Re8+ Rc8 43.Re7 R2c7 44.Re6 Rc6 45.Re7 R8c7 46.Re8+ Ka7 47.Rg8
Rh7 {#R} 0-1

[Event "TCh-FRA Top 12 2017"]
[Site "Chartres FRA"]
[Date "2017.05.19"]
[Round "2.5"]
[White "Decosse,J"]
[Black "Cornette,M"]
[Result "0-1"]
[WhiteElo "2216"]
[BlackElo "2593"]

1.d4 e6 2.c4 b6 3.Nc3 Bb7 4.Nf3 Bb4 5.Qb3 a5 6.a3 a4 7.Qc2 Bxc3+ 8.Qxc3 Nf6
9.g3 c5 10.dxc5 bxc5 11.Bg2 O-O 12.O-O d6 13.b4 axb3 14.Qxb3 Qc7 15.Bb2 Nbd7
16.Rfd1 Rfb8 17.Qc3 Nb6 18.Qc1 e5 19.Nd2 Bxg2 20.Kxg2 Qc6+ 21.Kg1 Ne4 22.Qc2
Nxd2 23.Rxd2 Ra4 24.Qb3 Qa8 25.Rc2 Nxc4 26.Qa2 Qe4 27.Rac1 d5 {#R} 0-1

[Event "TCh-FRA Top 12 2017"]
[Site "Chartres FRA"]
[Date "2017.05.19"]
[Round "2.5"]
[White "Dionisi,T"]
[Black "Le Borgne,P"]
[Result "1-0"]
[WhiteElo "2392"]
[BlackElo "2234"]

1.e4 g6 2.d4 Bg7 3.Nc3 c6 4.Nf3 d5 5.h3 Nf6 6.e5 Ne4 7.Nxe4 dxe4 8.Ng5 c5
9.Bc4 O-O 10.c3 cxd4 11.cxd4 Nc6 12.Be3 Qa5+ 13.Kf1 h6 14.Nxe4 Rd8 15.Rc1 Bf5
16.Ng3 e6 17.Nxf5 gxf5 18.f4 Rd7 19.d5 exd5 20.Bd3 d4 21.Bd2 Qxa2 22.g4 Qxb2
23.Rg1 Qa3 24.Rg3 Kh8 25.g5 Nxe5 26.fxe5 Bxe5 27.Rf3 f4 28.Bb5 Qe7 29.Bxd7
Qxd7 30.Qe2 Re8 31.gxh6 Re6 32.Qd3 Rxh6 33.Bxf4 Bxf4 34.Rxf4 Rxh3 35.Qxd4+
Qxd4 36.Rc8+ {#r} 1-0

[Event "TCh-FRA Top 12 2017"]
[Site "Chartres FRA"]
[Date "2017.05.19"]
[Round "2.5"]
[White "Marchadour,E"]
[Black "Travadon,Loic"]
[Result "0-1"]
[WhiteElo "2097"]
[BlackElo "2358"]

1.e4 d6 2.d4 Nf6 3.Nc3 c6 4.Nf3 Bg4 5.h3 Bh5 6.Bd3 e6 7.Be3 Be7 8.g4 Bg6 9.Qd2
d5 10.e5 Ne4 11.Bxe4 dxe4 12.Ng5 Bb4 13.f3 exf3 14.Nxf3 Nd7 15.a3 Bxc3 16.Qxc3
Nb6 17.Qd2 Qd5 18.O-O Nc4 19.Qf2 Nxe3 20.Qxe3 Bxc2 21.Rac1 Bg6 22.Nd2 Rd8
23.Nc4 O-O 24.Nd6 b6 25.h4 f5 26.h5 f4 27.Qf3 Qxd4+ 28.Rf2 Be8 29.Nxe8 Rdxe8
30.Rxc6 Qxe5 31.Re2 Qd4+ 32.Kh2 e5 33.h6 e4 34.Qb3+ Kh8 35.Rc7 gxh6 36.Qh3 f3
37.Rec2 Qd6+ 38.Kg1 f2+ {#R} 0-1

[Event "TCh-FRA Top 12 2017"]
[Site "Chartres FRA"]
[Date "2017.05.19"]
[Round "2.6"]
[White "Bacrot,E"]
[Black "Nataf,IA"]
[Result "1-0"]
[WhiteElo "2696"]
[BlackElo "2535"]

1.Nf3 Nf6 2.g3 g6 3.Bg2 Bg7 4.c4 O-O 5.Nc3 c6 6.e4 d5 7.cxd5 cxd5 8.e5 Ne4
9.O-O Nc6 10.d4 Nxc3 11.bxc3 Bg4 12.h3 Bxf3 13.Qxf3 e6 14.h4 Qc7 15.h5 Rfc8
16.Bg5 b5 17.Rfc1 Rab8 18.Qf4 Rb6 19.Bh3 Nb8 20.a4 a6 21.axb5 axb5 22.Kg2 Nd7
23.hxg6 fxg6 24.Qh4 Re8 25.Ra3 Bf8 26.Ra2 Nb8 27.Rh1 Rb7 28.Bg4 Qc4 29.Ra8 Qc6
30.Rha1 Qc7 31.R1a6 Qf7 32.Rxb8 Rbxb8 33.Qh3 b4 34.cxb4 Rxb4 35.Bxe6 Rxe6
36.Rxe6 Rxd4 37.Ra6 Re4 38.Bf6 d4 39.Qc8 d3 40.Rd6 Rc4 41.Qa8 Ra4 42.Qxa4 Bxd6
43.exd6 Qxf6 44.Qe8+ Kg7 45.d7 Qc6+ 46.f3 Qc2+ 47.Kh3 {#r} 1-0

[Event "TCh-FRA Top 12 2017"]
[Site "Chartres FRA"]
[Date "2017.05.19"]
[Round "2.6"]
[White "Sanikidze,T"]
[Black "Rodshtein,M"]
[Result "0-1"]
[WhiteElo "2518"]
[BlackElo "2698"]

1.d4 Nf6 2.c4 g6 3.f3 e6 4.e4 c5 5.d5 d6 6.Nc3 Bg7 7.Nge2 exd5 8.cxd5 Nbd7
9.Ng3 h5 10.Be2 Nh7 11.Be3 h4 12.Nf1 O-O 13.Nd2 f5 14.exf5 Qe7 15.fxg6 Qxe3
16.gxh7+ Kh8 17.Nc4 Bxc3+ 18.bxc3 Qxc3+ 19.Kf2 b5 20.Nxd6 Nf6 21.f4 Bd7 22.Rf1
Qb4 23.Kg1 c4 24.Nb7 Rab8 25.a3 Qe7 26.Na5 Qe3+ 27.Kh1 Ne4 28.Qe1 Nd2 29.Rg1
Qxf4 30.Ra2 c3 31.Qa1 Qe3 32.Rc1 Ne4 33.Bh5 Qg5 34.Bf3 Bf5 35.Bxe4 Bxe4
36.Rxc3 Qg7 37.Qe1 Bxd5 38.Re2 Rbe8 {#R} 0-1

[Event "TCh-FRA Top 12 2017"]
[Site "Chartres FRA"]
[Date "2017.05.19"]
[Round "2.6"]
[White "Edouard,R"]
[Black "Sebag,M"]
[Result "0-1"]
[WhiteElo "2640"]
[BlackElo "2488"]

1.Nf3 d5 2.g3 c6 3.Bg2 Bg4 4.O-O e6 5.h3 Bh5 6.c4 Nf6 7.cxd5 Bxf3 8.Bxf3 cxd5
9.d3 Nc6 10.Nc3 Bc5 11.Bd2 a6 12.Rc1 Ba7 13.Bg2 O-O 14.Kh2 Qe7 15.a3 Rad8
16.b4 e5 17.e4 dxe4 18.dxe4 Qd6 19.Bg5 Qxd1 20.Rcxd1 Rxd1 21.Rxd1 Bxf2 22.Bxf6
gxf6 23.Nd5 Kg7 24.Rf1 Bd4 25.h4 Rd8 26.Bh3 Rd6 27.a4 Nd8 28.b5 axb5 29.axb5
Bc5 30.Bc8 b6 31.Bg4 Ne6 32.Ra1 Nd4 33.Ra8 f5 34.Bh3 fxe4 35.Nc3 Nf3+ 36.Kh1
Rd2 37.Ra2 Rxa2 38.Nxa2 e3 39.Nc3 Nd4 {#R} 0-1

[Event "TCh-FRA Top 12 2017"]
[Site "Chartres FRA"]
[Date "2017.05.19"]
[Round "2.6"]
[White "Pelletier,Y"]
[Black "Vitoux,C"]
[Result "0-1"]
[WhiteElo "2543"]
[BlackElo "2382"]

1.d4 d5 2.c4 c6 3.Nc3 Nf6 4.e3 e6 5.Nf3 Nbd7 6.Qc2 Bd6 7.b3 O-O 8.Be2 e5
9.cxd5 Nxd5 10.Nxd5 cxd5 11.dxe5 Nxe5 12.O-O Nxf3+ 13.Bxf3 Qh4 14.g3 Qf6
15.Bxd5 Bf5 16.Bb2 Bxc2 17.Bxf6 gxf6 18.Bxb7 Rab8 19.Ba6 Ba3 20.Rae1 Rfd8
21.Re2 Bd1 22.Ree1 Bg4 23.f3 Rb6 24.fxg4 Rxa6 25.Re2 Bb4 26.Rf5 Rd2 27.Ref2
Raxa2 28.Rxf6 Bc5 {#R} 0-1

[Event "TCh-FRA Top 12 2017"]
[Site "Chartres FRA"]
[Date "2017.05.20"]
[Round "3.1"]
[White "Nataf,IA"]
[Black "Navara,D"]
[Result "0-1"]
[WhiteElo "2535"]
[BlackElo "2739"]

1.e4 c5 2.Nf3 e6 3.d4 cxd4 4.Nxd4 Nc6 5.Nc3 Qc7 6.Be2 a6 7.O-O Nf6 8.Be3 Be7
9.f4 d6 10.a4 O-O 11.Kh1 Re8 12.Qe1 Bd7 13.Qg3 Bf8 14.Rad1 Rac8 15.Nf3 g6
16.e5 Nh5 17.Qf2 f5 18.exd6 Bxd6 19.Bb6 Qb8 20.Ne5 Nf6 21.Nxd7 Nxd7 22.Be3 Qc7
23.Bf3 Na5 24.Ne2 Nc4 25.Bc1 Bc5 26.Nd4 Nf6 27.Qe2 Bxd4 28.Rxd4 e5 29.fxe5
Nxe5 30.Bf4 Nxf3 31.Qxf3 Qb6 32.Rd6 Qxb2 33.Bc1 Qxc2 34.Rxf6 Qxc1 35.Qd5+ Kh8
36.Rxf5 gxf5 37.Qd4+ Kg8 38.Qd5+ Kg7 39.Qd7+ Kh6 40.Qd6+ Kh5 41.g4+ fxg4 {#R}
0-1

[Event "TCh-FRA Top 12 2017"]
[Site "Chartres FRA"]
[Date "2017.05.20"]
[Round "3.1"]
[White "Heimann,An"]
[Black "Rozentalis,E"]
[Result "1-0"]
[WhiteElo "2573"]
[BlackElo "2535"]

1.c4 e6 2.g3 Nf6 3.Bg2 d5 4.d4 dxc4 5.Nf3 Bd7 6.Ne5 Bc6 7.Nxc6 Nxc6 8.O-O Qd7
9.e3 O-O-O 10.Nd2 e5 11.Nxc4 exd4 12.exd4 Nd5 13.Ne3 Nce7 14.Qf3 f6 15.b4 h5
16.b5 g5 17.Ba3 g4 18.Qe4 f5 19.Qc2 Nxe3 20.fxe3 Nd5 21.Bxd5 Qxd5 22.Rxf5 Qd7
23.Bxf8 Rhxf8 24.Raf1 Rfe8 25.Qf2 Qe7 26.Re5 Qa3 27.Qf5+ Kb8 28.Qxh5 Rxe5
29.Qxe5 Qxa2 30.Qg5 Rh8 31.Qh5 Qg8 32.Qf7 Qxf7 33.Rxf7 a5 34.bxa6 bxa6 35.Rg7
Kb7 36.Rxg4 a5 37.Rf4 a4 38.Rf1 Kc6 39.h4 Kd5 40.Kg2 a3 41.Ra1 Ra8 42.g4 Ke4
43.Kf2 a2 44.h5 Rf8+ 45.Kg3 Rf3+ 46.Kh4 Rf2 47.Kg5 Kxe3 48.h6 {#r} 1-0

[Event "TCh-FRA Top 12 2017"]
[Site "Chartres FRA"]
[Date "2017.05.20"]
[Round "3.1"]
[White "Baklan,V"]
[Black "Gajewski,G"]
[Result "1-0"]
[WhiteElo "2594"]
[BlackElo "2634"]

1.e4 c5 2.Nf3 d6 3.d4 cxd4 4.Nxd4 Nf6 5.Nc3 a6 6.h3 e5 7.Nde2 h5 8.g3 Be6
9.Bg2 Be7 10.a4 Nc6 11.Nd5 Bxd5 12.exd5 Na5 13.b3 Nd7 14.O-O Bg5 15.Ba3 Qc7
16.h4 Bh6 17.Qe1 O-O-O 18.Bb4 b6 19.Nc3 f5 20.Qe2 Nb8 21.Qxh5 Rdf8 22.Qe2 g5
23.h5 g4 24.f3 gxf3 25.Rxf3 Qg7 26.Raf1 e4 27.Rxf5 Qd4+ 28.Kh2 Qxb4 29.Nxe4
Rxf5 30.Rxf5 Nd7 31.Rf7 Nb7 32.Bh3 Kb8 33.Bxd7 Nd8 34.Re7 Qd4 35.Qxa6 {#r} 1-0

[Event "TCh-FRA Top 12 2017"]
[Site "Chartres FRA"]
[Date "2017.05.20"]
[Round "3.1"]
[White "Sanikidze,T"]
[Black "Sokolov,And1"]
[Result "1-0"]
[WhiteElo "2518"]
[BlackElo "2505"]

1.d4 Nf6 2.c4 e6 3.Nf3 b6 4.a3 Bb7 5.Nc3 d5 6.cxd5 Nxd5 7.Qa4+ Nd7 8.Nxd5 Bxd5
9.Qc2 Rc8 10.e4 Bb7 11.Bf4 Bd6 12.Bg3 Bxg3 13.hxg3 c5 14.d5 exd5 15.exd5 Qe7+
16.Kd2 Qd6 17.Re1+ Kf8 18.Rxh7 Rxh7 19.Qxh7 Nf6 20.Qh8+ Ng8 21.Bd3 Bxd5 22.Kc2
Rd8 23.Bh7 f6 24.Re3 Bf7 25.Rd3 Qe7 26.Ne5 fxe5 27.Bxg8 Bxg8 28.Rf3+ Ke8
29.Qxg8+ Kd7 30.Rd3+ Kc7 31.Rxd8 Qxd8 32.Qxg7+ Kc6 33.Qxe5 c4 34.Qe4+ Kc5
35.g4 b5 36.Qe3+ Kd5 {#r} 1-0

[Event "TCh-FRA Top 12 2017"]
[Site "Chartres FRA"]
[Date "2017.05.20"]
[Round "3.1"]
[White "Vitoux,C"]
[Black "Riff,JN"]
[Result "0-1"]
[WhiteElo "2382"]
[BlackElo "2476"]

1.e4 c5 2.Nf3 d6 3.d4 cxd4 4.Nxd4 Nf6 5.Nc3 a6 6.Bg5 e6 7.f4 h6 8.Bh4 Qb6
9.Qd2 Qxb2 10.Rb1 Qa3 11.e5 dxe5 12.fxe5 Nfd7 13.Ne4 Qxa2 14.Rd1 Qd5 15.Qe3
Qxe5 16.Be2 Bc5 17.Nxe6 Bxe3 18.Nd6+ Qxd6 19.Rxd6 Bg5 20.Nc7+ Kd8 21.Bg3 Ra7
{#R} 0-1